Geography Ending in Tte Quiz Stats

 Plays Quiz not verified by Sporcle

Challenge
Share
Tweet
Embed
Score 0/7 Timer 02:00
0 Plays Today
Clue Place % Correct
North Carolina's largest cityCharlotte
97.1%
Sri Lanka's capital city, Sri Jayawardenepura....Kotte
85.7%
Wyoming's fourth largest city (like the leading shaving products company)Gillette
80%
French department in the Indian Ocean between Madagascar and MozambiqueMayotte
77.1%
The Hub City in Louisiana or city in Tippecanoe County, IndianaLafayette
68.6%
City in Silver Bow County, MontanaButte
60%
Luxembourg's second largest city, Esch-sur-...Alzette
45.7%

You're not logged in!

Compare scores with friends on all Sporcle quizzes.
OR
Log In

You Might Also Like...

Show Comments

Extras

Created Jul 4, 2016ReportNominate
Tags:ending, place

Top Quizzes Today


Score Distribution

Your Account Isn't Verified!

In order to create a playlist on Sporcle, you need to verify the email address you used during registration. Go to your Sporcle Settings to finish the process.

Report this User

Report this user for behavior that violates our Community Guidelines.

Details: